| 000 | 00579cam a2200217ua 4500 | ||
|---|---|---|---|
| 001 | 6613 | ||
| 005 | 20260515114056.0 | ||
| 008 | 140703n ii |||gr||||Z||||||eng | ||
| 020 | _a978-81-272-3832-2 | ||
| 040 | _cMAIN | ||
| 082 | _a658 | ||
| 245 |
_aPrinciples of business management _cBy R.K. Sharma |
||
| 250 | _aRep. ed. | ||
| 260 |
_aLudhiana: _bKalyani publishers, _c2008. |
||
| 300 | _ax,349p. | ||
| 653 | _aGeneral management | ||
| 653 | _aPrinciples of business management | ||
| 700 |
_aSharma,R.K., _eAuthor., |
||
| 700 |
_aGupta,Shashi K., _eAuthor. |
||
| 942 | _cBK | ||
| 999 |
_c5757 _d5757 |
||